Gayatri Mantra (Record no. 60995)
[ view plain ]
| 000 -LEADER | |
|---|---|
| fixed length control field | 00317nam a2200121Ia 4500 |
| 008 - FIXED-LENGTH DATA ELEMENTS--GENERAL INFORMATION | |
| fixed length control field | 221007s9999 xx 000 0 und d |
| 041 ## - LANGUAGE CODE | |
| Language code of text/sound track or separate title | eng |
| 082 ## - DEWEY DECIMAL CLASSIFICATION NUMBER | |
| Classification number | 646.72 |
| Item number | SWA |
| 100 ## - MAIN ENTRY--PERSONAL NAME | |
| Personal name | Swami Ramdev Ji Maharaj |
| 9 (RLIN) | 96583 |
| 245 ## - TITLE STATEMENT | |
| Title | Gayatri Mantra |
| 260 ## - PUBLICATION, DISTRIBUTION, ETC. (IMPRINT) | |
| Date of publication, distribution, etc. | 2007 |
| Name of publisher, distributor, etc. | Moser Baer (i) Limited |
| Place of publication, distribution, etc. | Noida,UP |
| 906 ## - LOCAL DATA ELEMENT F, LDF (RLIN) | |
| a | 5 |
| b | General |
| Withdrawn status | Lost status | Damaged status | Not for loan | Home library | Current library | Date acquired | Vendor | Cost, normal purchase price | Bill number | Total Checkouts | Full call number | Barcode | Date last seen | Cost, replacement price | Bill Date | Koha item type | Original Barcode |
|---|---|---|---|---|---|---|---|---|---|---|---|---|---|---|---|---|---|
| Smt. Hiraben Nanavati Institute of Management & Research for Women | Smt. Hiraben Nanavati Institute of Management & Research for Women | 23/08/2010 | Patanjali Chikitsalaya | 49.00 | 106606 | 646.72 SWA | HIMR-AV-1174 | 07/10/2022 | 44.00 | 12/08/2010 | Video Casset | AV1174 |